000
00316 a2200145 4500
001
148266
040
_c
Escola São Tomás de Aquino
100
_a
SANT'ANNA, Eliana
240
1
0
_a
Pingo-D'água
_l
por
245
1
0
_a
Pingo-D'água
300
_a
21
362
0
_a
2013
697
_a
*LITERATURA INFANTIL
942
_c
BK
999
_c
148266
_d
148266